[Event "DVM U20 2018"]
[Site "Osnabrück GER"]
[Date "2018.12.29"]
[Round "6"]
[White "Klinkhart, Thorbjörn"]
[Black "Dalchow, Jonas"]
[Result "0-1"]
[Termination "normal"]
[Board "7.4"]
[WhiteElo "1912"]
[BlackElo "1747"]
[WhiteTeam "FVS ASP Hoyerswerda"]
[BlackTeam "SC 1997 Lambsheim"]
[PlyCount "134"]
[WhiteFideId "12966428"]
[BlackFideId "12971251"]
[EventCountry "GER"]
[EventRounds "7"]
[EventType "team-swiss"]
[EventDate "2018.12.26"]

1. f4 d5 2. b3 Nf6 3. Nf3 c5 4. e3 e6 5. Bb2 Bd6 6. Bb5+ Bd7 7. Bxd7+ Nbxd7 8.
O-O O-O 9. Nc3 Re8 10. Qe2 e5 11. f5 a6 12. a4 Qc7 13. Nh4 e4 14. g4 d4 15. Nd1
Be5 16. Qg2 Nd5 17. Kh1 dxe3 18. Bxe5 Qxe5 19. Nxe3 Nxe3 20. dxe3 g5 21. fxg6
fxg6 22. Rad1 Nb6 23. Qe2 Rf8 24. a5 Rxf1+ 25. Rxf1 Nd7 26. Qc4+ Kh8 27. Rf7
Qa1+ 28. Rf1 Qe5 29. Rd1 Nf6 30. Rg1 Qg5 31. Qc3 Qxh4 32. g5 Kg7 33. Qxf6+ Kg8
34. Qe6+ Kh8 35. Qf6+ Kg8 36. Rf1 Qh3 37. Rd1 Qxe3 38. Qe6+ Kh8 39. Qe5+ Kg8
40. Qe6+ Kh8 41. Qf6+ Kg8 42. Rd8+ Rxd8 43. Qxd8+ Kg7 44. Qc7+ Kg8 45. Qc8+ Kg7
46. Qxb7+ Kh8 47. Qf7 Qc1+ 48. Kg2 Qxg5+ 49. Kf2 Qd2+ 50. Kg3 Qe3+ 51. Kg2 Qg5+
52. Kf2 Qd2+ 53. Kg1 Qg5+ 54. Kf1 Qc1+ 55. Kg2 Qxc2+ 56. Qf2 Qxf2+ 57. Kxf2 Kg7
58. Ke3 Kf6 59. Kxe4 Ke6 60. Ke3 Kd5 61. Kd3 g5 62. Kc3 h5 63. b4 cxb4+ 64.
Kxb4 g4 65. Kc3 h4 66. Kd3 g3 67. hxg3 h3 0-1

[Event "DVM U20 2018"]
[Site "Osnabrück GER"]
[Date "2018.12.29"]
[Round "6"]
[White "Saive, Philipp"]
[Black "Laskow, Vincent"]
[Result "1-0"]
[Termination "normal"]
[Board "7.5"]
[WhiteElo "1715"]
[BlackElo "1840"]
[WhiteTeam "SC 1997 Lambsheim"]
[BlackTeam "FVS ASP Hoyerswerda"]
[PlyCount "63"]
[WhiteFideId "16274792"]
[BlackFideId "12947652"]
[EventCountry "GER"]
[EventRounds "7"]
[EventType "team-swiss"]
[EventDate "2018.12.26"]

1. d4 Nf6 2. Bf4 d6 3. e3 g6 4. Be2 Bg7 5. Nc3 O-O 6. h4 c6 7. h5 Nbd7 8. Qd2
e5 9. dxe5 dxe5 10. Bg5 Qa5 11. e4 Nc5 12. hxg6 fxg6 13. Bc4+ Be6 14. Bxe6+
Nxe6 15. Bxf6 Bxf6 16. Qh6 Rf7 17. Qh3 Ng5 18. Qg4 Rd8 19. Rd1 Rxd1+ 20. Kxd1
Qb6 21. Kc1 Qxf2 22. Nge2 Kg7 23. Nd1 Qc5 24. Ndc3 Qd6 25. Kb1 Rd7 26. Rd1
Qxd1+ 27. Nxd1 Rxd1+ 28. Nc1 Re1 29. c3 Nxe4 30. Kc2 Nf2 31. Qd7+ Kh6 32. Qd2+
1-0

[Event "DVM U20 2018"]
[Site "Osnabrück GER"]
[Date "2018.12.29"]
[Round "6"]
[White "Wierick, Dennis"]
[Black "Dalchow, Mario"]
[Result "1/2-1/2"]
[Termination "normal"]
[Board "7.6"]
[WhiteElo "1455"]
[BlackElo "1621"]
[WhiteTeam "FVS ASP Hoyerswerda"]
[BlackTeam "SC 1997 Lambsheim"]
[PlyCount "64"]
[WhiteFideId "16274768"]
[BlackFideId "12971421"]
[EventCountry "GER"]
[EventRounds "7"]
[EventType "team-swiss"]
[EventDate "2018.12.26"]

1. d4 Nf6 2. Nf3 g6 3. Bf4 Bg7 4. e3 d5 5. Nbd2 Nbd7 6. c3 e6 7. Bd3 O-O 8. e4
dxe4 9. Nxe4 Nxe4 10. Bxe4 Nf6 11. Bc2 Nd5 12. Bd2 Bd7 13. O-O Rc8 14. Be3 Nxe3
15. fxe3 c5 16. e4 Qb6 17. b3 cxd4 18. cxd4 e5 19. Kh1 exd4 20. Bd3 Bc6 21. Rc1
Rfe8 22. Bc4 Qd8 23. e5 Bd5 24. Qxd4 Bxc4 25. Rxc4 Qxd4 26. Rxd4 Rc5 27. Rd7
Bxe5 28. Nxe5 Rcxe5 29. Rdxf7 Re1 30. Kg1 Rxf1+ 31. Rxf1 Re2 32. Rf2 Re1+
1/2-1/2

[Event "DVM U20 2018"]
[Site "Osnabrück GER"]
[Date "2018.12.29"]
[Round "6"]
[White "Grund, Sebastian"]
[Black "Geltz, Noah"]
[Result "1-0"]
[Termination "normal"]
[Board "8.1"]
[WhiteElo "2050"]
[BlackElo "1991"]
[WhiteTeam "MTV 1876 Saalfeld"]
[BlackTeam "SF HN-Biberach 1978 e.V."]
[PlyCount "111"]
[WhiteFideId "12988626"]
[BlackFideId "16224256"]
[EventCountry "GER"]
[EventRounds "7"]
[EventType "team-swiss"]
[EventDate "2018.12.26"]

1. d4 Nf6 2. Nf3 e6 3. c4 Bb4+ 4. Bd2 a5 5. g3 O-O 6. Bg2 d6 7. O-O Nbd7 8. Bf4
a4 9. a3 e5 10. Bg5 Ba5 11. Qxa4 Ra6 12. Qc2 h6 13. Bd2 Bxd2 14. Nbxd2 Re8 15.
d5 c6 16. e4 Nf8 17. b4 Ra8 18. dxc6 bxc6 19. a4 Ne6 20. Nb3 Qb6 21. b5 cxb5
22. cxb5 Bb7 23. Nfd2 Rac8 24. Qd3 Nc5 25. Nxc5 Qxc5 26. a5 Ba8 27. b6 Nd7 28.
Bh3 Red8 29. Rfb1 Qc6 30. Qe3 Rb8 31. Rc1 Nc5 32. Bg2 Qd7 33. Nb3 Na6 34. Bf1
Bb7 35. Nd2 Rbc8 36. Nc4 Qe6 37. Na3 d5 38. Nb5 dxe4 39. Nc7 Nxc7 40. Rxc7 Rxc7
41. bxc7 Rc8 42. Qb6 Qc6 43. Qxc6 Bxc6 44. Rc1 Rxc7 45. Bb5 Ra7 46. Bxc6 Rxa5
47. Bxe4 g6 48. Rc8+ Kg7 49. Rc7 Kf6 50. Bd3 Ra8 51. Bc4 Rf8 52. Kg2 g5 53. Kf3
Kg6 54. Ke4 f6 55. Be6 h5 56. Bf5+ 1-0

[Event "DVM U20 2018"]
[Site "Osnabrück GER"]
[Date "2018.12.29"]
[Round "6"]
[White "Hoffmann, Jens"]
[Black "Kania, Markus"]
[Result "1-0"]
[Termination "normal"]
[Board "8.2"]
[WhiteElo "2000"]
[BlackElo "1830"]
[WhiteTeam "SF HN-Biberach 1978 e.V."]
[BlackTeam "MTV 1876 Saalfeld"]
[PlyCount "101"]
[WhiteFideId "12946320"]
[BlackFideId "12903736"]
[EventCountry "GER"]
[EventRounds "7"]
[EventType "team-swiss"]
[EventDate "2018.12.26"]

1. e4 c5 2. Nc3 e6 3. Nge2 a6 4. g3 Ne7 5. Bg2 d5 6. exd5 Nxd5 7. Nxd5 exd5 8.
d4 cxd4 9. Nxd4 Nc6 10. O-O Be7 11. c4 O-O 12. cxd5 Ne5 13. Qb3 Ng6 14. Bd2 Qd6
15. a3 Rd8 16. Bb4 Qb6 17. Bxe7 Qxb3 18. Nxb3 Nxe7 19. Rfe1 Nf5 20. Rac1 Nd6
21. Na5 Bf5 22. Nc4 Nc8 23. f4 Kf8 24. Kf2 Rb8 25. b4 Bd3 26. Ne3 Nd6 27. Red1
Bb5 28. Bf1 Ba4 29. Rd4 Rbc8 30. Rxc8 Rxc8 31. Nc4 Nxc4 32. Bxc4 Ke7 33. d6+
Kd7 34. Bxf7 Rc2+ 35. Kg1 Bc6 36. Bd5 Bxd5 37. Rxd5 Rc3 38. Rc5 Rxa3 39. Rc7+
Kxd6 40. Rxb7 g6 41. Rxh7 Ke6 42. Ra7 Ra4 43. Kg2 Kf6 44. Kf3 g5 45. fxg5+ Kxg5
46. h4+ Kf5 47. Rb7 Ra3+ 48. Kg2 Kg4 49. Rg7+ Kh5 50. Rg5+ Kh6 51. Ra5 1-0

[Event "DVM U20 2018"]
[Site "Osnabrück GER"]
[Date "2018.12.29"]
[Round "6"]
[White "Ratay, Meike"]
[Black "Arns, Alexander"]
[Result "1-0"]
[Termination "normal"]
[Board "8.3"]
[WhiteElo "2037"]
[BlackElo "1920"]
[WhiteTeam "MTV 1876 Saalfeld"]
[BlackTeam "SF HN-Biberach 1978 e.V."]
[PlyCount "57"]
[WhiteFideId "12977608"]
[BlackFideId "12944009"]
[EventCountry "GER"]
[EventRounds "7"]
[EventType "team-swiss"]
[EventDate "2018.12.26"]

1. e4 d5 2. exd5 Qxd5 3. Nc3 Qa5 4. d4 Nf6 5. Bc4 c6 6. Nf3 Bg4 7. Bd2 Nbd7 8.
h3 Bxf3 9. Qxf3 e6 10. O-O-O Qc7 11. g4 Nb6 12. Bb3 O-O-O 13. g5 Ne8 14. Ne4
Bd6 15. c4 c5 16. dxc5 Bxc5 17. Nxc5 Qxc5 18. Qxf7 Rd7 19. Qxe6 Nc7 20. Qe3 Qc6
21. Qc3 Rf8 22. Be3 Ne6 23. Rhe1 Rxd1+ 24. Rxd1 g6 25. c5 Na4 26. Bxe6+ Qxe6
27. Qd4 Qc6 28. Kb1 Qb5 29. b3 1-0

[Event "DVM U20 2018"]
[Site "Osnabrück GER"]
[Date "2018.12.29"]
[Round "6"]
[White "Gerold, Robin"]
[Black "Grund, Melanie"]
[Result "1-0"]
[Termination "normal"]
[Board "8.4"]
[WhiteElo "1511"]
[BlackElo "1748"]
[WhiteTeam "SF HN-Biberach 1978 e.V."]
[BlackTeam "MTV 1876 Saalfeld"]
[PlyCount "51"]
[WhiteFideId "16235185"]
[BlackFideId "12988804"]
[EventCountry "GER"]
[EventRounds "7"]
[EventType "team-swiss"]
[EventDate "2018.12.26"]

1. e4 c5 2. b3 Nc6 3. Bb2 e6 4. Nf3 d5 5. exd5 exd5 6. Be2 Nf6 7. O-O Be7 8.
Re1 O-O 9. Bb5 Bd7 10. Bxc6 Bxc6 11. d4 Ne4 12. Nbd2 Nxd2 13. Qxd2 Bf6 14. Ba3
b6 15. Rad1 Be7 16. dxc5 Bxc5 17. Bxc5 bxc5 18. Qf4 Qb6 19. Re7 d4 20. Rde1 Bd5
21. Qf5 Be6 22. Qe4 Qd6 23. Ng5 g6 24. Qh4 h5 25. Nxe6 fxe6 26. R1xe6 1-0

[Event "DVM U20 2018"]
[Site "Osnabrück GER"]
[Date "2018.12.29"]
[Round "6"]
[White "Lorenz, Anouk"]
[Black "Fischer, Patrick"]
[Result "1/2-1/2"]
[Termination "normal"]
[Board "8.5"]
[WhiteElo "1413"]
[BlackElo "1658"]
[WhiteTeam "MTV 1876 Saalfeld"]
[BlackTeam "SF HN-Biberach 1978 e.V."]
[PlyCount "88"]
[WhiteFideId "12990256"]
[BlackFideId "12953075"]
[EventCountry "GER"]
[EventRounds "7"]
[EventType "team-swiss"]
[EventDate "2018.12.26"]

1. e4 c6 2. d4 d5 3. exd5 cxd5 4. Bd3 Nc6 5. c3 Nf6 6. h3 e6 7. Nf3 Be7 8. O-O
O-O 9. Ne5 Bd7 10. Bf4 Nxe5 11. Bxe5 Rc8 12. Nd2 Qb6 13. Rb1 Bb5 14. Qf3 a6 15.
Rfe1 Bxd3 16. Qxd3 Nd7 17. Nf3 Nxe5 18. Nxe5 Qd6 19. Re3 Bg5 20. Re2 Rce8 21.
Rbe1 Re7 22. Nf3 Bh6 23. Nh4 g6 24. Nf3 Rfe8 25. Ne5 Bg7 26. Re3 f6 27. Ng4 e5
28. dxe5 fxe5 29. Rd1 Rd8 30. Qe2 b5 31. Red3 Qc5 32. Qe3 Qc6 33. Qd2 d4 34.
cxd4 exd4 35. Nh2 Rde8 36. Nf3 Re2 37. Qc1 Qxc1 38. Rxc1 Rxb2 39. Nxd4 Bxd4 40.
Rxd4 Rxa2 41. Rd7 Rae2 42. Rcc7 Re1+ 43. Kh2 R1e2 44. Rg7+ Kh8 1/2-1/2

[Event "DVM U20 2018"]
[Site "Osnabrück GER"]
[Date "2018.12.29"]
[Round "6"]
[White "Späth, René"]
[Black "Lorenz, Keana"]
[Result "1-0"]
[Termination "normal"]
[Board "8.6"]
[WhiteElo "1626"]
[BlackElo "1459"]
[WhiteTeam "SF HN-Biberach 1978 e.V."]
[BlackTeam "MTV 1876 Saalfeld"]
[PlyCount "57"]
[WhiteFideId "16224272"]
[BlackFideId "12990248"]
[EventCountry "GER"]
[EventRounds "7"]
[EventType "team-swiss"]
[EventDate "2018.12.26"]

1. d4 d5 2. Bf4 Nf6 3. e3 Nc6 4. Nf3 Bf5 5. c4 e6 6. Nc3 Bb4 7. a3 Bxc3+ 8.
bxc3 Ne4 9. Qb3 Na5 10. Qb4 c6 11. cxd5 cxd5 12. Bb5+ Nc6 13. Ne5 Rc8 14. Nxc6
bxc6 15. Ba6 Ra8 16. Bb7 Rc8 17. Bxc8 Qxc8 18. f3 Nf6 19. Ra2 Bd3 20. Rb2 Nd7
21. Qd6 Rf8 22. Kd2 Bg6 23. Bg5 f6 24. Qxe6+ Kd8 25. Bf4 Qa6 26. e4 dxe4 27.
fxe4 Re8 28. Qd6 Bxe4 29. Rb8+ 1-0

[Event "DVM U20 2018"]
[Site "Osnabrück GER"]
[Date "2018.12.30"]
[Round "7"]
[White "Bunyatov, Rustam"]
[Black "Oberhofer, Cédric"]
[Result "0-1"]
[Termination "normal"]
[Board "1.1"]
[WhiteTitle "FM"]
[WhiteElo "2177"]
[BlackElo "2260"]
[WhiteClock "00:01:04"]
[BlackClock "00:02:05"]
[WhiteTeam "SG Porz"]
[BlackTeam "SC Bavaria Regensburg"]
[PlyCount "136"]
[WhiteFideId "13410210"]
[BlackFideId "12941220"]
[EventCountry "GER"]
[EventRounds "7"]
[EventType "team-swiss"]
[EventDate "2018.12.26"]

1. Nf3 Nf6 2. c4 c5 3. d4 cxd4 4. Nxd4 Nc6 5. Nc3 e6 6. Nc2 Be7 7. e4 O-O 8.
Be2 b6 9. O-O Bb7 10. f4 d6 11. b3 Rc8 12. Bb2 a6 13. Kh1 Qc7 14. Rc1 Nb8 15.
Bd3 Nbd7 16. b4 Rfd8 17. Qe2 Bf8 18. Rce1 g6 19. a3 Bg7 20. Ne3 Qb8 21. Ned1
Qa8 22. Rf3 Re8 23. Rh3 Rcd8 24. Nf2 e5 25. fxe5 Nxe5 26. Bb1 Bc8 27. Rg3 Qc6
28. Ba2 Nh5 29. Re3 Bh6 30. Nd5 Bxe3 31. Qxe3 Be6 32. Rc1 Bxd5 33. cxd5 Qb5 34.
g4 Nf6 35. g5 Nfg4 36. Nxg4 Nxg4 37. Qd4 Ne5 38. Bc4 Qd7 39. Bxa6 Qg4 40. Bf1
Rc8 41. Rc6 Qxg5 42. Bh3 Rcd8 43. Rxb6 Qh4 44. Kg2 Qf4 45. Kh1 g5 46. Rc6 Qh4
47. Bf1 f6 48. Rc2 Ng4 49. Kg1 Rc8 50. Rg2 Ne5 51. Kh1 Qe1 52. Qf2 Qxe4 53.
Qxf6 Rf8 54. Qxg5+ Ng6 55. Kg1 Rxf1+ 56. Kxf1 Rf8+ 57. Rf2 Rxf2+ 58. Kxf2 Qc2+
59. Ke1 Qxb2 60. Qd8+ Kg7 61. Qd7+ Kh6 62. Qxd6 Qxa3 63. Kd2 Qb3 64. Qc5 Nf4
65. d6 Qd3+ 66. Kc1 Qe2 67. Qd4 Nd3+ 68. Kb1 Qd1+ 0-1

[Event "DVM U20 2018"]
[Site "Osnabrück GER"]
[Date "2018.12.30"]
[Round "7"]
[White "Goldbeck, Lars"]
[Black "Fieberg, Samuel"]
[Result "1/2-1/2"]
[Termination "normal"]
[Board "1.2"]
[BlackTitle "FM"]
[WhiteElo "2172"]
[BlackElo "2170"]
[WhiteClock "00:08:38"]
[BlackClock "00:03:37"]
[WhiteTeam "SC Bavaria Regensburg"]
[BlackTeam "SG Porz"]
[PlyCount "107"]
[WhiteFideId "16208188"]
[BlackFideId "12901717"]
[EventCountry "GER"]
[EventRounds "7"]
[EventType "team-swiss"]
[EventDate "2018.12.26"]

1. d4 d5 2. c4 c6 3. Nf3 Nf6 4. e3 Bg4 5. h3 Bh5 6. g4 Bg6 7. Ne5 Nbd7 8. Nxg6
hxg6 9. Qb3 Qb6 10. g5 Ne4 11. cxd5 Qxb3 12. axb3 cxd5 13. Nc3 Nxc3 14. bxc3 e6
15. Bg2 Be7 16. h4 f6 17. c4 dxc4 18. bxc4 Rc8 19. Rxa7 Rxc4 20. Ra8+ Bd8 21.
Ba3 Nb6 22. Ra7 Nd5 23. Kd2 Rc7 24. f4 b6 25. Ra8 Kf7 26. Be4 f5 27. Bd3 Rg8
28. h5 gxh5 29. Rxh5 Be7 30. Rxg8 Kxg8 31. Bxe7 Nxe7 32. Rh1 Kf7 33. Ra1 Nd5
34. Ra8 Ke7 35. Rb8 Kd6 36. Bb5 Ra7 37. Bc4 Kc7 38. Re8 Kd6 39. Rb8 Kc7 40. Rf8
Kd6 41. Rg8 Rc7 42. Bb3 Rb7 43. Rd8+ Rd7 44. Ra8 Rb7 45. Rd8+ Rd7 46. Rb8 Kc7
47. Bxd5 exd5 48. Re8 g6 49. Kc3 Rd8 50. Re7+ Rd7 51. Re5 Rd8 52. Re7+ Rd7 53.
Re6 Rd6 54. Re7+ 1/2-1/2

[Event "DVM U20 2018"]
[Site "Osnabrück GER"]
[Date "2018.12.30"]
[Round "7"]
[White "Ramien, David"]
[Black "Dechant, Georg"]
[Result "1/2-1/2"]
[Termination "normal"]
[Board "1.3"]
[WhiteElo "2136"]
[BlackElo "2104"]
[WhiteClock "00:08:09"]
[BlackClock "00:44:12"]
[WhiteTeam "SG Porz"]
[BlackTeam "SC Bavaria Regensburg"]
[PlyCount "62"]
[WhiteFideId "12948241"]
[BlackFideId "12956716"]
[EventCountry "GER"]
[EventRounds "7"]
[EventType "team-swiss"]
[EventDate "2018.12.26"]

1. e4 c5 2. Nf3 d6 3. d4 cxd4 4. Nxd4 Nf6 5. Nc3 a6 6. Be2 e5 7. Nb3 Be6 8. O-O
Nbd7 9. Kh1 Be7 10. f4 Rc8 11. f5 Bc4 12. a4 O-O 13. Be3 Nb6 14. Nd2 d5 15.
Nxc4 Nxc4 16. Bxc4 dxc4 17. Qf3 Bc5 18. Bg5 Qb6 19. Bxf6 Qxf6 20. Nd5 Qg5 21.
f6 g6 22. Qh3 h5 23. Rad1 Rcd8 24. Rf3 Kh8 25. Rff1 b5 26. axb5 axb5 27. Ra1
Qd2 28. Rf5 Qh6 29. Rff1 Qd2 30. Rf5 Qh6 31. Rff1 Qd2 1/2-1/2

[Event "DVM U20 2018"]
[Site "Osnabrück GER"]
[Date "2018.12.30"]
[Round "7"]
[White "Gabler, Eric"]
[Black "Sabirov, Ramil"]
[Result "1/2-1/2"]
[Termination "normal"]
[Board "1.4"]
[WhiteElo "2103"]
[BlackElo "2066"]
[WhiteClock "00:29:35"]
[BlackClock "00:22:27"]
[WhiteTeam "SC Bavaria Regensburg"]
[BlackTeam "SG Porz"]
[PlyCount "90"]
[WhiteFideId "12949841"]
[BlackFideId "12900303"]
[EventCountry "GER"]
[EventRounds "7"]
[EventType "team-swiss"]
[EventDate "2018.12.26"]

1. d4 Nf6 2. Nf3 g6 3. Bg5 Bg7 4. Nbd2 d5 5. e3 O-O 6. Bd3 c5 7. c3 Qb6 8. Qb1
Nc6 9. O-O Re8 10. dxc5 Qxc5 11. e4 dxe4 12. Nxe4 Nxe4 13. Bxe4 Be6 14. Rd1
Rac8 15. Be3 Qa5 16. Nd4 Nxd4 17. Bxd4 b6 18. Bxg7 Kxg7 19. Rd4 Rc4 20. Qd3 Qc5
21. Rxc4 Qxc4 22. a3 Qxd3 23. Bxd3 Rd8 24. Bc2 Rd2 25. Rc1 Kf6 26. b3 a5 27. a4
Bf5 28. Bd1 Rb2 29. Kf1 Ke5 30. Ke1 Be6 31. Rc2 Rb1 32. Re2+ Kd6 33. c4 Bf5 34.
Kd2 f6 35. f3 h5 36. Ke1 e5 37. Rd2+ Kc5 38. Ke2 Kc6 39. Ke3 h4 40. g4 Be6 41.
Bc2 Rc1 42. Bxg6 Rc3+ 43. Rd3 Rxd3+ 44. Kxd3 Kc5 45. Kc3 Bd7 1/2-1/2

[Event "DVM U20 2018"]
[Site "Osnabrück GER"]
[Date "2018.12.30"]
[Round "7"]
[White "Sewald, Kathrin"]
[Black "Brüll, Elias"]
[Result "1-0"]
[Termination "normal"]
[Board "1.5"]
[WhiteElo "1980"]
[BlackElo "1884"]
[WhiteClock "00:17:25"]
[BlackClock "00:00:36"]
[WhiteTeam "SG Porz"]
[BlackTeam "SC Bavaria Regensburg"]
[PlyCount "107"]
[WhiteFideId "12964557"]
[BlackFideId "12964921"]
[EventCountry "GER"]
[EventRounds "7"]
[EventType "team-swiss"]
[EventDate "2018.12.26"]

1. e4 c5 2. Nf3 d6 3. d3 Nc6 4. g3 Nf6 5. Bg2 g6 6. O-O Bg7 7. c3 O-O 8. Re1 e5
9. a3 b5 10. b4 a5 11. bxc5 dxc5 12. Bb2 Re8 13. Qc2 Bb7 14. Nbd2 Qb6 15. Rab1
Nd7 16. Bc1 Ba6 17. Nc4 Qc7 18. Ne3 Nf8 19. Nd5 Qd6 20. Be3 Ne6 21. Nd2 b4 22.
Nc4 Bxc4 23. dxc4 bxa3 24. Qa4 a2 25. Ra1 Rab8 26. Qxa2 Rb7 27. Qa4 Rc8 28. Bh3
Rcb8 29. Red1 Ned8 30. Nb4 Qf6 31. Na6 Ra8 32. Nxc5 Rc7 33. Nd7 Qf3 34. Bg2 Qg4
35. f3 Qe6 36. Nb6 Rb8 37. Rd5 Rcb7 38. c5 Bf8 39. Rad1 Be7 40. h4 Kg7 41. Kh2
h6 42. Bh3 f5 43. Qc2 Qf7 44. exf5 g5 45. Qe4 gxh4 46. gxh4 Bf6 47. Rg1+ Kh7
48. Rg6 Ne7 49. Rxh6+ Kg8 50. Rd2 Nec6 51. Bf1 Kf8 52. Bc4 Qe7 53. Rg6 Nf7 54.
Qg4 1-0

[Event "DVM U20 2018"]
[Site "Osnabrück GER"]
[Date "2018.12.30"]
[Round "7"]
[White "Ließ, Alexander"]
[Black "Niesel, Tobias"]
[Result "0-1"]
[Termination "normal"]
[Board "1.6"]
[WhiteElo "1782"]
[BlackElo "1890"]
[WhiteClock "00:02:50"]
[BlackClock "00:31:44"]
[WhiteTeam "SC Bavaria Regensburg"]
[BlackTeam "SG Porz"]
[PlyCount "70"]
[WhiteFideId "16221338"]
[BlackFideId "12962155"]
[EventCountry "GER"]
[EventRounds "7"]
[EventType "team-swiss"]
[EventDate "2018.12.26"]

1. d4 Nf6 2. Nf3 c5 3. c3 d5 4. Bf4 Nc6 5. e3 Qb6 6. Qc2 g6 7. Na3 c4 8. h3 Bf5
9. Qc1 Qa5 10. Nh4 Ne4 11. Nxf5 gxf5 12. Nb1 b5 13. f3 Nf6 14. Be2 Nh5 15. O-O
Nxf4 16. exf4 h5 17. h4 Bh6 18. Qe3 Qc7 19. g3 Rg8 20. Kf2 Kd7 21. Rg1 Rxg3 22.
Kxg3 Bxf4+ 23. Qxf4 Rg8+ 24. Kf2 Qxf4 25. Rxg8 Qc1 26. Rg1 Qxb2 27. Na3 Qxa3
28. Rgc1 a5 29. Rab1 b4 30. Rc2 bxc3 31. Rd1 Nb4 32. Rcc1 c2 33. Rg1 f4 34.
Rge1 Nd3+ 35. Bxd3 cxd3 0-1

[Event "DVM U20 2018"]
[Site "Osnabrück GER"]
[Date "2018.12.30"]
[Round "7"]
[White "Kololli, Martin"]
[Black "Sieber, Fiona"]
[Result "0-1"]
[Termination "normal"]
[Board "2.1"]
[WhiteTitle "FM"]
[BlackTitle "WIM"]
[WhiteElo "2343"]
[BlackElo "2262"]
[WhiteClock "00:20:04"]
[BlackClock "00:34:02"]
[WhiteTeam "Lübecker SV"]
[BlackTeam "SG Aufbau Elbe Magdeburg"]
[PlyCount "46"]
[WhiteFideId "12936910"]
[BlackFideId "12902373"]
[EventCountry "GER"]
[EventRounds "7"]
[EventType "team-swiss"]
[EventDate "2018.12.26"]

1. Nf3 Nf6 2. c4 g6 3. b3 Bg7 4. Bb2 O-O 5. d4 d6 6. g3 Nbd7 7. Bg2 e5 8. dxe5
Ng4 9. O-O Ngxe5 10. Nxe5 Nxe5 11. Qd2 Bg4 12. f4 Nc6 13. e4 Qd7 14. Bxg7 Kxg7
15. h3 Bxh3 16. f5 Bg4 17. f6+ Kh8 18. Nc3 Rae8 19. Nd5 Re5 20. Kf2 Rg8 21. Rh1
Qe6 22. Rh4 Rxd5 23. Qf4 Rh5 0-1

[Event "DVM U20 2018"]
[Site "Osnabrück GER"]
[Date "2018.12.30"]
[Round "7"]
[White "Roseneck, Jonas"]
[Black "Poghosyan, Tigran"]
[Result "1-0"]
[Termination "normal"]
[Board "2.2"]
[WhiteElo "2246"]
[BlackElo "2187"]
[WhiteClock "00:24:52"]
[BlackClock "00:36:45"]
[WhiteTeam "SG Aufbau Elbe Magdeburg"]
[BlackTeam "Lübecker SV"]
[PlyCount "63"]
[WhiteFideId "12939870"]
[BlackFideId "12909319"]
[EventCountry "GER"]
[EventRounds "7"]
[EventType "team-swiss"]
[EventDate "2018.12.26"]

1. e4 c5 2. Nf3 d6 3. d4 cxd4 4. Nxd4 Nf6 5. Nc3 Bd7 6. f3 e5 7. Nb3 Be7 8. Be3
O-O 9. Qd2 a5 10. a4 Na6 11. Bxa6 Rxa6 12. O-O Be6 13. Rfd1 Qd7 14. Qf2 Rc8 15.
Nc5 Qc6 16. Nxa6 bxa6 17. Qd2 h6 18. Nd5 Bxd5 19. exd5 Qb7 20. Rab1 Rc4 21. b3
Rh4 22. Qxa5 e4 23. Rd4 Qc8 24. Qe1 Qxc2 25. Rc1 Qxb3 26. Rc3 Qb2 27. Rc8+ Kh7
28. Qxh4 Qb3 29. Qf2 Nxd5 30. Rxd5 Qxd5 31. fxe4 Qxe4 32. Qc2 1-0

[Event "DVM U20 2018"]
[Site "Osnabrück GER"]
[Date "2018.12.30"]
[Round "7"]
[White "Bosselmann, Tom Linus"]
[Black "Biastoch, Bennet"]
[Result "1/2-1/2"]
[Termination "normal"]
[Board "2.3"]
[WhiteElo "2057"]
[BlackElo "2194"]
[WhiteClock "00:23:53"]
[BlackClock "00:03:52"]
[WhiteTeam "Lübecker SV"]
[BlackTeam "SG Aufbau Elbe Magdeburg"]
[PlyCount "69"]
[WhiteFideId "12983845"]
[BlackFideId "12939889"]
[EventCountry "GER"]
[EventRounds "7"]
[EventType "team-swiss"]
[EventDate "2018.12.26"]

1. e4 c5 2. Nf3 d6 3. d4 cxd4 4. Nxd4 Nf6 5. Nc3 Nc6 6. Bc4 Bd7 7. O-O g6 8.
Nb3 Bg7 9. h3 O-O 10. f4 Na5 11. Nxa5 Qxa5 12. Be3 Bc6 13. Nd5 Nxd5 14. exd5 b5
15. Bb3 Bd7 16. Bd4 Qb4 17. Bxg7 Kxg7 18. c3 Qc5+ 19. Kh1 Bf5 20. Qf3 h5 21. g4
hxg4 22. hxg4 Rh8+ 23. Kg2 Bd7 24. Rh1 b4 25. Rae1 bxc3 26. bxc3 Rxh1 27. Rxh1
Rh8 28. Re1 Kf8 29. Kg3 a5 30. Bc2 Qc8 31. Re2 Bb5 32. Rf2 Bd7 33. Re2 Bb5 34.
Rf2 Bd7 35. Re2 1/2-1/2

[Event "DVM U20 2018"]
[Site "Osnabrück GER"]
[Date "2018.12.30"]
[Round "7"]
[White "Wagner, Benjamin"]
[Black "Rietschel, Tilo"]
[Result "1-0"]
[Termination "normal"]
[Board "2.4"]
[WhiteElo "2051"]
[BlackElo "1916"]
[WhiteClock "00:11:41"]
[BlackClock "00:00:40"]
[WhiteTeam "SG Aufbau Elbe Magdeburg"]
[BlackTeam "Lübecker SV"]
[PlyCount "75"]
[WhiteFideId "12957330"]
[BlackFideId "16208390"]
[EventCountry "GER"]
[EventRounds "7"]
[EventType "team-swiss"]
[EventDate "2018.12.26"]

1. e4 c5 2. Nf3 d6 3. d4 cxd4 4. Nxd4 Nf6 5. Nc3 g6 6. Be3 Bg7 7. f3 O-O 8. Qd2
Nc6 9. Bc4 Bd7 10. O-O-O Rc8 11. Bb3 Ne5 12. Kb1 Nc4 13. Bxc4 Rxc4 14. g4 Qa5
15. Nb3 Qa6 16. e5 Nxg4 17. fxg4 Bxg4 18. Rdf1 Bxe5 19. Bd4 Bxd4 20. Nxd4 Kg7
21. Nd5 e5 22. Nb3 Be6 23. Nf6 Rh4 24. Rhg1 Rc8 25. Rf2 Qb6 26. Rgf1 h6 27. Nd5
Qb5 28. Nc3 Qc6 29. Rf6 d5 30. Qf2 g5 31. Rxf7+ Bxf7 32. Qxf7+ Kh8 33. Nxd5
Rxh2 34. c3 Qa6 35. Ne7 Qd3+ 36. Ka1 Rf2 37. Qxf2 Qh7 38. Nxc8 1-0

[Event "DVM U20 2018"]
[Site "Osnabrück GER"]
[Date "2018.12.30"]
[Round "7"]
[White "Tiedemann, Fin Niklas"]
[Black "Röhr, Tobias"]
[Result "0-1"]
[Termination "normal"]
[Board "2.5"]
[WhiteElo "1902"]
[BlackElo "2189"]
[WhiteClock "00:00:50"]
[BlackClock "00:27:04"]
[WhiteTeam "Lübecker SV"]
[BlackTeam "SG Aufbau Elbe Magdeburg"]
[PlyCount "64"]
[WhiteFideId "12936936"]
[BlackFideId "12963089"]
[EventCountry "GER"]
[EventRounds "7"]
[EventType "team-swiss"]
[EventDate "2018.12.26"]

1. e4 c5 2. c4 Nc6 3. Nc3 g6 4. d3 Bg7 5. Be3 d6 6. Nge2 Nd4 7. Qd2 e6 8. Bxd4
cxd4 9. Nb5 e5 10. Qb4 Bf8 11. Na3 Ne7 12. g3 Nc6 13. Qa4 Bg4 14. Bg2 Qf6 15.
Ng1 Bh6 16. Nc2 Bd2+ 17. Kf1 O-O 18. h3 Bd7 19. Nf3 Bh6 20. b4 a5 21. b5 Nd8
22. Nb4 Be6 23. Ke2 b6 24. Nc2 Nb7 25. Na3 Qe7 26. Nh2 f5 27. exf5 Bxf5 28.
Bd5+ Kh8 29. g4 Bxd3+ 30. Ke1 Qf6 31. Nf3 e4 32. Bxb7 Qxf3 0-1